Sociálno-ekonomické faktory práce žien v poľnohospodárstve.
Analýza niektorých sociálno-ekonomických faktorov práce žien v poľnohospodárstve SR opierajúca sa o výskum z r. 1989. Kritické hodnotenie pracovných podmienok. Čiastočné využívanie kvalifikácie žien vo veku 20-29 rokov. Profesionálne ašpirácie žien.
Enregistré dans:
| Auteur principal: | |
|---|---|
| Format: | Chapitre de livre |
| Langue: | slovaque |
| Sujets: | |
| Tags: |
Pas de tags, Soyez le premier à ajouter un tag!
|
MARC
| LEADER | 00000naa a2200000 4500 | ||
|---|---|---|---|
| 001 | r001129 | ||
| 005 | 20220819181125.4 | ||
| 041 | 0 | |a slo | |
| 044 | |a [CS] | ||
| 245 | 1 | 0 | |a Sociálno-ekonomické faktory práce žien v poľnohospodárstve. |c Stanislav Buchta |
| 520 | |a Analýza niektorých sociálno-ekonomických faktorov práce žien v poľnohospodárstve SR opierajúca sa o výskum z r. 1989. Kritické hodnotenie pracovných podmienok. Čiastočné využívanie kvalifikácie žien vo veku 20-29 rokov. Profesionálne ašpirácie žien. | ||
| 610 | 2 | 0 | |a práca žien |
| 610 | 2 | 0 | |a poľnohospodárstvo |
| 610 | 2 | 0 | |a Slovensko |
| 610 | 2 | 0 | |a výskum sociologický |
| 610 | 2 | 0 | |a 1989 |
| 610 | 2 | 0 | |a podmienky pracovné |
| 100 | 1 | |a Buchta, Stanislav | |